000 nam a22 a 4500
999 _c4532
_d4532
003 AKMAL
005 20170531095530.0
008 1 s2012 my | e l 000 0 eng d
020 _a9789678917674
_qpaperback
_cRM10.00
040 _cAKMAL
082 0 4 _a347.595013 MAL
_222
090 0 0 _a347.595013
_bMAL
110 1 _aMalaysia,
_ejurisdiction governed.
_9400
240 1 0 _aAkta Mahkamah Kehakiman, 1964.
_lEnglish
245 1 0 _aCOURTS OF JUDICATURE ACT 1964 (ACT 91) :
_b(AS AT 1st MARCH 2012) /
_cCompiled by: Legal Research Board
264 1 _aPetaling Jaya :
_bInternational Law Book Services,
_c2012
300 _a58 pages ;
_c24 cm.
336 _atext
_2rdacontent
337 _aunmediated
_2rdamedia
338 _avolume
_2rdacarrier
490 1 _aLAWS OF MALAYSIA
650 1 0 _aCourt administration
_zMalaysia
_98757
650 2 0 _aCourts
_zMalaysia
_93771
710 2 _aLembaga Penyelidikan Undang-Undang,
_eeditor of compilation.
_98761
830 0 _aLAWS OF MALAYSIA
_91830
942 _2ddc
_cBOOK